NCAA Basketball - UNC Tar Heels: Men's Retired Jerseys - Statistics

General Stats
  • This quiz has been taken 906 times
  • The average score is 3 of 8
Answer Stats
Hint Answer % Correct
23 Michael Jordan
99%
52 James Worthy
71%
50 Tyler Hansbrough
61%
33 Antawn Jamison
41%
12 Phil Ford
38%
10 Lenn Rosenbluth
17%
NC Jack Cobb
11%
20 George Glamack
9%
No matching quizzes found
Score Distribution
Percent of People with Each Score
Percentile by Number Answered
Your Score History
You have not taken this quiz